000 00421nam a2200181Ia 4500
999 _c25141
_d25141
001 24957
003 PK-LaUMT
005 20221004173107.0
008 140411s9999 xx 000 0 und d
020 _a0-8213-5087-0
040 _cPK-LaUMT
082 _aW 912
_bWOR-
245 _aWorld bank atlas 2002
260 _aWashington,USA:
_bWorld Bank,
_c2002
300 _a64 p.
546 _aEN
942 _cWEEDED OUT
_2ddc